<?xml version="1.0" encoding="UTF-8"?>
<record
    xmlns:xsi="http://www.w3.org/2001/XMLSchema-instance"
    xsi:schemaLocation="http://www.loc.gov/MARC21/slim http://www.loc.gov/standards/marcxml/schema/MARC21slim.xsd"
    xmlns="http://www.loc.gov/MARC21/slim">

  <leader>00289nam a22001217a 4500</leader>
  <datafield tag="040" ind1=" " ind2=" ">
    <subfield code="c">HS</subfield>
  </datafield>
  <datafield tag="082" ind1=" " ind2=" ">
    <subfield code="a">716</subfield>
  </datafield>
  <datafield tag="100" ind1=" " ind2=" ">
    <subfield code="a">&#x179F;&#x17BD;&#x179F; &#x1785;&#x17C6;&#x178E;&#x17B6;&#x1793;</subfield>
  </datafield>
  <datafield tag="245" ind1=" " ind2=" ">
    <subfield code="a">&#x1794;&#x1785;&#x17D2;&#x1785;&#x17C1;&#x1780;&#x1791;&#x17C1;&#x179F;&#x179A;&#x17C4;&#x1784;&#x1787;&#x17B6;&#x1784;</subfield>
  </datafield>
  <datafield tag="260" ind1=" " ind2=" ">
    <subfield code="a">RUA</subfield>
    <subfield code="b">&#x179F;&#x17BD;&#x179F; &#x1785;&#x17C6;&#x178E;&#x17B6;&#x1793;</subfield>
    <subfield code="c">1997</subfield>
  </datafield>
  <datafield tag="300" ind1=" " ind2=" ">
    <subfield code="a">87p.</subfield>
  </datafield>
  <datafield tag="942" ind1=" " ind2=" ">
    <subfield code="c">KB</subfield>
  </datafield>
  <datafield tag="999" ind1=" " ind2=" ">
    <subfield code="c">8698</subfield>
    <subfield code="d">8698</subfield>
  </datafield>
  <datafield tag="952" ind1=" " ind2=" ">
    <subfield code="0">0</subfield>
    <subfield code="1">0</subfield>
    <subfield code="4">0</subfield>
    <subfield code="6">716_000000000000000_&#x179F;&#x17BD;&#x179F;_1997</subfield>
    <subfield code="7">0</subfield>
    <subfield code="9">49350</subfield>
    <subfield code="a">LBB</subfield>
    <subfield code="b">LBB</subfield>
    <subfield code="d">2016-08-09</subfield>
    <subfield code="o">716 &#x179F;&#x17BD;&#x179F; 1997</subfield>
    <subfield code="p">RUA43993</subfield>
    <subfield code="r">2016-08-09</subfield>
    <subfield code="w">2016-08-09</subfield>
    <subfield code="y">KB</subfield>
  </datafield>
</record>
